Administering agricultural development, (coordination, initiative, and communication in three North Indian states) (Record no. 475639)
[ view plain ]
| 000 -LEADER | |
|---|---|
| fixed length control field | 00636cam a22001457a 4500 |
| 008 - FIXED-LENGTH DATA ELEMENTS--GENERAL INFORMATION | |
| fixed length control field | 180718b1969 xxu||||| |||| 00| 0 eng d |
| 082 ## - DEWEY DECIMAL CLASSIFICATION NUMBER | |
| Classification number | Z00x54 In2a |
| 100 ## - MAIN ENTRY--PERSONAL NAME | |
| Personal name | Barnabas, A.P. |
| 245 ## - TITLE STATEMENT | |
| Title | Administering agricultural development, (coordination, initiative, and communication in three North Indian states) |
| Statement of responsibility, etc. | by A.P. Barnabas and Donald C. Pelz |
| 260 ## - PUBLICATION, DISTRIBUTION, ETC. | |
| Place of publication, distribution, etc. | New Delhi |
| Name of publisher, distributor, etc. | Indian Institute of Public Administration |
| Date of publication, distribution, etc. | 1969 |
| 300 ## - PHYSICAL DESCRIPTION | |
| Extent | 145p. |
| 500 ## - GENERAL NOTE | |
| General note | In collaboration with Departments of Public Administration of Lucknow, Punjab, and Rajasthan University |
| 650 ## - SUBJECT ADDED ENTRY--TOPICAL TERM | |
| Topical term or geographic name entry element | Agricultural administration --India |
| 700 ## - ADDED ENTRY--PERSONAL NAME | |
| Personal name | Donald C. Pelz |
| Withdrawn status | Lost status | Damaged status | Not for loan | Permanent Location | Current Location | Date acquired | Full call number | Barcode | Date last seen | Price effective from | Koha item type | Source of classification or shelving scheme |
|---|---|---|---|---|---|---|---|---|---|---|---|---|
| Indian Institute of Public Administration | Indian Institute of Public Administration | 2018-08-04 | Z00x54 In2a | GR8231 | 2018-08-04 | 2018-08-04 | GR | |||||
| Indian Institute of Public Administration | Indian Institute of Public Administration | 2018-08-04 | Z00x54 In2a | GR8230 | 2018-08-04 | 2018-08-04 | GR | |||||
| Indian Institute of Public Administration | Indian Institute of Public Administration | 2018-08-04 | Z00x54 In2a | GR8229 | 2018-08-04 | 2018-08-04 | GR | |||||
| Indian Institute of Public Administration | Indian Institute of Public Administration | 2018-08-04 | Z00x54 In2a | GR8228 | 2018-08-04 | 2018-08-04 | GR | |||||
| Indian Institute of Public Administration | Indian Institute of Public Administration | 2018-08-04 | Z00x54 In2a | GR8227 | 2018-08-04 | 2018-08-04 | GR | |||||
| Indian Institute of Public Administration | Indian Institute of Public Administration | 2018-08-04 | Z00x54 In2a | GR8226 | 2018-08-04 | 2018-08-04 | GR | |||||
| Indian Institute of Public Administration | Indian Institute of Public Administration | 2019-09-16 | Z00x54 In2a/c.7 | GR21635 | 2019-09-16 | 2019-09-16 | GR |
